000 00639cam a2200193 a 4500
001 000007642
005 20200929154237.0
008 711020r1966 nyua b 001 0 eng
040 _aDO-SdBNP
_cDLC
_dDLC
_dOCoLC
050 0 0 _aCC65
_b.M3 1966a
082 _a913.031
_bC411h
100 1 _aCeram, C. W.,
_d1915-1972,
_eed.
_921200
245 1 0 _aHands on the past :
_bpioneer archaeologists tell their own story /
_cedición C. W. Ceram.
260 _aNew York :
_bSchocken Books,
_c1966.
300 _a434 p. :
_bil. ;
_c21 cm.
504 _aBibliografía: p. [421]-425.
650 0 _aArchaeology.
_921201
910 _aCatalogación por copia / LC
999 _c7422
_d7422